The new biography : performing femininity in nineteenth-century France (Record no. 60696)

MARC details
000 -LEADER
fixed length control field 01032nam a2200265Ia 4500
008 - FIXED-LENGTH DATA ELEMENTS--GENERAL INFORMATION
fixed length control field 191130s2000##################000#0#eng##
020 ## - INTERNATIONAL STANDARD BOOK NUMBER
ISBN 9780520221413
082 ## - DEWEY DECIMAL CLASSIFICATION NUMBER
Classification number 305.420944 MAR
245 ## - TITLE STATEMENT
Title The new biography : performing femininity in nineteenth-century France
Statement of responsibility, etc edited by Jo Burr Margadant
260 ## - PUBLICATION, DISTRIBUTION, ETC. (IMPRINT)
Place of publication Berkeley
Name of publisher University of California Press
Year of publication c2000
300 ## - PHYSICAL DESCRIPTION
Number of Pages x, 298 p. : ill. ; 24 cm
500 ## - GENERAL NOTE
General note Includes bibliographical references (p. 263-284) and index
650 ## - SUBJECT ADDED ENTRY--TOPICAL TERM
Topical Term Feminism - France - History - 19th century
Topical Term Feminists - France - Biography
Topical Term Motherhood in popular culture - France - History - 19th century
Topical Term Sex role - France - History - 19th century
Topical Term Women - Political activity - France - History - 19th century
Topical Term Women authors, French - 19th century - Biography
700 ## - ADDED ENTRY--PERSONAL NAME
Personal name Margadant, Jo Burr
991 ## -
-- 166149
Holdings
Withdrawn status Lost status Damaged status Not for loan Home library Current library Shelving location Date acquired Full call number Accession Number Price effective from Koha item type
        Anna Centenary Library Anna Centenary Library 3RD FLOOR, B WING 09.10.2020 305.420944 MAR 168848 09.10.2020 English Books

Find us on the map